Πρόγραμμα : διδασκαλίας εις τα νυκτερινά σχολεία στοιχειώδους εκπαιδεύσεως
Αποθηκεύτηκε σε:
| Συγγραφή απο Οργανισμό/Αρχή: | |
|---|---|
| Μορφή: | Βιβλίο |
| Γλώσσα: | Greek |
| Δημοσίευση: |
Αθήναι :
Εθνικό Τυπογραφείο,
1958
|
| Θέματα: | |
| Ετικέτες: |
Προσθήκη ετικέτας
Δεν υπάρχουν, Καταχωρήστε ετικέτα πρώτοι!
|
MARC
| LEADER | 00000cam a2200000 i 4500 | ||
|---|---|---|---|
| 001 | 1/90001 | ||
| 008 | 080627s1958 gre d | ||
| 035 | |l 10098519 | ||
| 040 | |a GR-MY-UA |b gre |e aacr | ||
| 041 | 0 | |a gre | |
| 082 | 0 | |a 375 |2 (22) | |
| 110 | 2 | |a Υπουργείο Εθνικής Παιδείας και Θρησκευμάτων |b Τμήμα Λαϊκής Επιμορφώσεως. | |
| 245 | 1 | 0 | |a Πρόγραμμα : |b διδασκαλίας εις τα νυκτερινά σχολεία στοιχειώδους εκπαιδεύσεως / |c Υπουργείον Εθνικής Παιδείας και Θρησκευμάτων, Τμήμα Λαϊκής Επιμορφώσεως |
| 260 | |a Αθήναι : |b Εθνικό Τυπογραφείο, |c 1958 | ||
| 300 | |a 15 σ.; |c 21 εκ. | ||
| 500 | |a Η καταλογογράφηση έγινε με βάση το εξώφυλλο | ||
| 650 | 0 | 0 | |a Teaching |x Methodology. |
| 650 | 0 | 0 | |a Evening and continuation schools |z Greece. |
| 650 | 0 | 0 | |a Education, Elementary |x Curricula |z Greece. |
| 650 | 0 | 0 | |a Education |x Curricula |z Greece. |
| 852 | |a INST |b RHODES |c AKA |e 20080627 |h 375 ΥΠΟ |p 005400028820 |q 005400028820 |t BK |y 0 | ||
| 852 | |a INST |b RHODES |c AKA |e 20081017 |h 375 ΥΠΟ |p 005400031023 |q 005400031023 |t BK |y 0 | ||
| 901 | |a BIBL4-2008-2 | ||
| 909 | |a Ρ |b 150308 | ||
| 909 | |a Ρ |b 153358 | ||
| 970 | |a ΜΙΣΣΟΣ |b ΣΤΑΥΡΟΣ |z 2008/06/27 | ||